000 00416nam a22001571a 4500
082 _aH300 9
_bSAV/J
100 _aSavithiri Mattpaal
245 _aJainendra ke upanyas me nari patra/
_cby Savithiri Mattpaal
260 _aJaipur:
_bMangal,
_c1991.
300 _a210p.
650 _aLiterature Hindi
650 _aNovel Hindi Criticism
650 _aNovel Jainendra Criticism
650 _aLiterature
942 _cBK
999 _c21353
_d21353